Logo BPK

Biblioteka

Politechniki Koszalińskiej

Wszechświat Stephena Hawkinga : (Rekord nr 36810)

Szczegóły MARC
000 -ETYKIETA REKORDU
podpole kontrolne o stałej długości 01157nam a2200277 i 4500
001 - NUMER KONTROLNY REKORDU
pole kontrolne bg
020 ## - MIĘDZYNARODOWY ZNORMALIZOWANY NUMER KSIĄŻKI - ISBN
ISBN 8371205627
040 ## - ŹRÓDŁO KATALOGOWANIA
Instytucja, która utworzyła rekord BPK
041 1# - KOD JĘZYKA
Kod języka tekstu pl
Kod języka oryginału en
080 ## - UNIWERSALNA KLASYFIKACJA DZIESIĘTNA - UKD
UKD 524.8:53(091)](410)"19"(02.025.2)A/Z
920 ## - Międzynarodowy znormalizowany numer książki – ISBN
ISBN 83-7120-562-7
008 - POLE O STAŁEJ DŁUGOŚCI - DANE KONTROLNE
podpole kontrolne o stałej długości s pl f |000 0 pol
100 1# - NAZWA OSOBOWA
Nazwa osobowa FILKIN, David
245 10 - TYTUŁ/ODPOWIEDZIALNOŚĆ
Tytuł Wszechświat Stephena Hawkinga :
Ciąg dalszy tytułu opisanie Kosmosu : Wielki Wybuch, czarne dziury, białe karty, zakrzywienia czasoprzestrzeni, życie, wszechświat i w ogóle wszystko wyłożone przystępnym językiem /
Pozostałe elementy strefy tytułu i oznaczenia odpowiedzialności przez Davida Filkina i przetł. [z ang.] przez Tomasza Hornowskiego ; [z przedmową Stephena Hawkinga].
246 ## - WARIANT TYTUŁU
Treść wyrażenia wprowadzającego Tyt. oryg.:
Tytuł Stephen Hawking's Universe : the Cosmos explained
260 ## - STREFA ADRESU WYDAWNICZEGO
Miejsce wydania Poznań :
Nazwa wydawcy/dystrybutora Dom Wydawniczy "Rebis",
Data publikacji, dystrybucji/powstania dokumentu 1998.
300 ## - STREFA OPISU FIZYCZNEGO
Objętość 257 s. :
Inne cechy fizyczne fot. kolor., portr. ;
Rozmiary 28 cm.
500 ## - UWAGI OGÓLNE
Tekst uwagi Oryg. : "Stephen Hawking's Universe : the Cosmos explained" 1997.
504 ## - UWAGA DOTYCZĄCA BIBLIOGRAFII
Informacje o bibliografii Indeks.
600 19 - HASŁO PRZEDMIOTOWE W FORMIE NAZWY OSOBOWEJ
Nazwa osobowa Hawking, S. W. (1942- )
Określnik ogólny twórczość
650 #9 - HASŁO PRZEDMIOTOWE W FORMIE NAZWY OGÓLNEJ LUB JEDNOSTKOWEJ
Nazwa ogólna lub geograficzna Fizyka
Określnik ogólny historia
650 #9 - HASŁO PRZEDMIOTOWE W FORMIE NAZWY OGÓLNEJ LUB JEDNOSTKOWEJ
Nazwa ogólna lub geograficzna Kosmologia
655 ## - TERMIN INDEKSOWY - OKREŚLENIE RODZAJU/FORMY DOKUMENTU
Określenie rodzaju/formy dokumentu Wydawnictwa popularne
700 1# - HASŁO DODATKOWE - NAZWA OSOBOWA
Nazwa osobowa HAWKING, Stephen W.
Daty związane z nazwą (1942- ).
Określenie związku między hasłem a opisywanym materiałem przedm
942 ## - DODATKOWE ELEMENTY (KOHA)
Typ dokumentu Książka
Egzemplarze
Wycofany Status egzemplarza Uszkodzony Dostępność Lokalizacja stała Lokalizacja bieżąca Miejsce przechowywania Sygnatura Kod kreskowy Dział Typ dokumentu
      Tylko na miejscu Biblioteka Politechniki Koszalińskiej Biblioteka Politechniki Koszalińskiej Czytelnia BG 51780 01463897 52 Astronomia Książka
© 2023 Biblioteka Politechniki Koszalińskiej :: KOHA